000 00524nam a2200181Ia 4500
005 20250508164112.0
008 008 250505s9999 xx 000 0 hin d
037 _aTextual
040 _aFEDL
_beng
_cFEDL
041 _ahin
_2eng
084 _a891.432, MOH
_qFEDL
100 _aAbdul Subhan
_9777326
245 0 _aMohan Rakesh ke natakon ka manovaigyanik adhyayan
260 _aNew Delhi, India
_bPrakashan Sansthan
_c2003
300 _a264p
942 _cTEXL
_h891.432, MOH
999 _c1387064
_d1387064